|
|
|
|
| LEADER |
00000nam0a2200000 4500 |
| 001 |
33749 |
| 005 |
20251215143625.0 |
| 035 |
|
|
|a (RuTPU)RU\TPU\book\34117
|
| 035 |
|
|
|a BOOK00000768
|
| 090 |
|
|
|a 33749
|
| 100 |
|
|
|a 20011210d1986 m y0rusy50 ca
|
| 101 |
0 |
|
|a rus
|
| 102 |
|
|
|a RU
|
| 105 |
|
|
|a a j 000zy
|
| 200 |
1 |
|
|a Электроснабжение промышленных предприятий
|e учебное пособие
|f Б. А. Князевский, Б. Ю. Липкин
|
| 205 |
|
|
|a 3-е изд., перераб. и доп.
|
| 210 |
|
|
|a Москва
|c Высшая школа
|d 1986
|
| 215 |
|
|
|a 400 с.
|c ил.
|
| 451 |
|
1 |
|0 (RuTPU)RU\TPU\book\64250
|t Электроснабжение промышленных предприятий
|o учебник
|f Б. А. Князевский, Б. Ю. Липкин
|e 2-е изд., перераб. и доп.
|c М.
|n Высшая школа
|d 1979
|p 431 с.
|a Князевский, Борис Александрович
|
| 610 |
1 |
|
|a промышленные предприятия
|
| 610 |
1 |
|
|a энергосистемы
|
| 610 |
1 |
|
|a электростанции
|
| 610 |
1 |
|
|a линии
|
| 610 |
1 |
|
|a сети
|
| 610 |
1 |
|
|a конструкции
|
| 610 |
1 |
|
|a методы расчета
|
| 610 |
1 |
|
|a учебные пособия
|
| 675 |
|
|
|a 658.26(075.8)
|v 3
|
| 700 |
|
1 |
|a Князевский
|b Б. А.
|g Борис Александрович
|
| 701 |
|
1 |
|a Липкин
|b Б. Ю.
|g Борис Юльевич
|
| 801 |
|
0 |
|a RU
|b 63413507
|c 20011210
|g PSBO
|
| 801 |
|
2 |
|a RU
|b 63413507
|c 20201109
|g PSBO
|
| 942 |
|
|
|c BK
|